LEADER 00925nam a2200229 i 4500 001 000000037022 003 CaOOAMICUS 005 20120926000000.0 008 120926s1981 it u000 u ita u 013 $a7246 040 $aSeMil$bita 245 10$aLibro del Sinodo /$c28. Sinodo Diocesano. 260 $aBrescia :$b[s.n.],$cstampa 1981$e(Brescia :$fTipografia S. Eustacchio,$gstampa 1981) 300 $a399 p. ;$c24 cm. 500 $aContiene : Appendici. 650 4$aSinodi diocesani - Brescia.$0(OLS)http://semarc/subject/7266 700 1 $aSinodo Diocesano <28. ; 1981 ; Brescia>.$0(OLS)http://semarc/name/17583 710 2 $aDiocesi di Brescia.$0(OLS)http://semarc/name/1799 850 $aSeMil 852 $aSeMil$W1$xVenegono$y1$m2J I 229$j3177$B3177$CSeMilBibl$Z2$F3177 $81 996 $6245$aLibro del Sinodo$9(OLS)http://semarc/title/51602 996 $6260$aBrescia :$b[s.n.]$9(OLS)http://semarc/publisher/30142 LEADER 01230nam a2200277 i 4500 001 000000124569 003 CaOOAMICUS 005 20040426000000.0 008 040426s1992 it u000 u ita u 013 $a97266 040 $aSeMil$bita 100 1 $aBurresi, Mariagiulia.$0(OLS)http://semarc/name/50525 245 10$aPittori laurenziani a Volterra /$cBurresi ; Ciardi ; Lessi ; con scritti di Antonino Caleca. 260 $a[Volterra] :$bFotoimmagine Volterra,$ccopyr. 1992. 300 $a1 v. :$briccamente ill. ;$c32 cm. 500 $aContiene : Note bibliografiche. - Fondo Card. C.M. Martini. 650 4$aPittura - Rinascimento - Italia - Volterra.$0(OLS)http://semarc/subject/22995 700 1 $aCaleca, Antonino <1943->.$0(OLS)http://semarc/name/50527 700 1 $aLessi.$0(OLS)http://semarc/name/51751 700 1 $aCiardi, Roberto Paolo.$0(OLS)http://semarc/name/5323 850 $aSeMil 852 $aSeMil$W1$xVenegono$y1$m5M XI 78$j79114$B79114$CSeMilBibl$Z2$F82369 $8I 941 1 $a4 961 $aOmaggio: Martini Card. Carlo Maria 996 $6245$aPittori laurenziani a Volterra$9(OLS)http://semarc/title/183301 996 $6260$a[Volterra] :$bFotoimmagine Volterra$9(OLS)http://semarc/publisher/46354